<?xml version="1.0" encoding="UTF-8"?>
<record
    xmlns:xsi="http://www.w3.org/2001/XMLSchema-instance"
    xsi:schemaLocation="http://www.loc.gov/MARC21/slim http://www.loc.gov/standards/marcxml/schema/MARC21slim.xsd"
    xmlns="http://www.loc.gov/MARC21/slim">

  <leader>00568nam a22001817a 4500</leader>
  <controlfield tag="003">OSt</controlfield>
  <controlfield tag="005">20170209155952.0</controlfield>
  <controlfield tag="008">170209s2016    spc            00 0 spa d</controlfield>
  <datafield tag="020" ind1=" " ind2=" ">
    <subfield code="a">9788499927329</subfield>
  </datafield>
  <datafield tag="040" ind1=" " ind2=" ">
    <subfield code="b">cat</subfield>
    <subfield code="c">CDMR</subfield>
  </datafield>
  <datafield tag="100" ind1="1" ind2=" ">
    <subfield code="a">Cebri&#xE1;n, Juan Lu&#xED;s</subfield>
    <subfield code="d">1944-</subfield>
    <subfield code="9">1683</subfield>
  </datafield>
  <datafield tag="245" ind1="1" ind2="0">
    <subfield code="a">Primera p&#xE1;gina</subfield>
    <subfield code="b">: vida de un periodista, 1944-1988 </subfield>
    <subfield code="c">Juan Lu&#xED;s Cebri&#xE1;n</subfield>
  </datafield>
  <datafield tag="260" ind1=" " ind2=" ">
    <subfield code="a">Barcelona :</subfield>
    <subfield code="b">Debate,</subfield>
    <subfield code="c">2016</subfield>
  </datafield>
  <datafield tag="300" ind1=" " ind2=" ">
    <subfield code="a">379 p. ;</subfield>
    <subfield code="c">24 cm</subfield>
  </datafield>
  <datafield tag="600" ind1="1" ind2="0">
    <subfield code="a">Cebri&#xE1;n, Juan Lu&#xED;s</subfield>
    <subfield code="d">1944-</subfield>
    <subfield code="x">Biografia</subfield>
    <subfield code="9">1683</subfield>
  </datafield>
  <datafield tag="650" ind1="0" ind2="4">
    <subfield code="a">Periodistes</subfield>
    <subfield code="z">Espanya</subfield>
    <subfield code="x">Biografia</subfield>
    <subfield code="9">3074</subfield>
    <subfield code="v">Biografia</subfield>
  </datafield>
  <datafield tag="942" ind1=" " ind2=" ">
    <subfield code="c">MON</subfield>
  </datafield>
  <datafield tag="999" ind1=" " ind2=" ">
    <subfield code="c">6996</subfield>
    <subfield code="d">6996</subfield>
  </datafield>
  <datafield tag="952" ind1=" " ind2=" ">
    <subfield code="0">0</subfield>
    <subfield code="1">0</subfield>
    <subfield code="4">0</subfield>
    <subfield code="7">0</subfield>
    <subfield code="a">CDMR</subfield>
    <subfield code="b">CDMR</subfield>
    <subfield code="d">2017-02-09</subfield>
    <subfield code="e">Intercanvi</subfield>
    <subfield code="g">21.90</subfield>
    <subfield code="l">2</subfield>
    <subfield code="m">1</subfield>
    <subfield code="o">Bk 84</subfield>
    <subfield code="p">CDMR17021255</subfield>
    <subfield code="r">2017-03-30</subfield>
    <subfield code="s">2017-03-15</subfield>
    <subfield code="v">21.90</subfield>
    <subfield code="w">2017-02-09</subfield>
    <subfield code="y">MON</subfield>
  </datafield>
</record>
